000 00561nam a2200205 i 4500
001 bg
100 1 _aTUSZYŃSKI, Kazimierz.
245 0 _aRegulacja automatyczna w inżynierii chemicznej /
_cKazimierz Tuszyński.
250 _aWyd.3 zm. i uaktual.
260 _aWarszawa :
_bWydawnictwa Naukowo-Techniczne,
_c1975.
650 9 _aTechnologia chemiczna
650 9 _aSterowanie
650 4 _aPodręczniki akademickie
040 _cBPK
041 _apol
080 _a62-52
080 _a66
942 _cKS
008 s pl f |000 0 pol
999 _c16105
_d16105
856 _uhttp://koha.tu.koszalin.pl/cgi-bin/koha/opac-detail.pl?biblionumber=16105
_yKatalog online BPK